Talianske hospodárstvo stráca dych
Zlá hospodárska situácia v Taliansku. Pokles HDP aj vývoja priemyselnej produkcie. Správa OECD o hospodárskej situácii Talianska. Balík vládnych opatrení, ktoré by mali podporiť taliansku ekonomiku. Názory opozície na hospodársku situáciu. Talianski výrobcovia sa na svetových trhoch nedokážu presadi...
Uložené v:
| Hlavný autor: | |
|---|---|
| Médium: | Kapitola |
| Jazyk: | Slovak |
| Predmet: | |
| Tagy: |
Žiadne tagy, Buďte prvý, kto otaguje tento záznam!
|
MARC
| LEADER | 00000naa$a2200000$$$4500 | ||
|---|---|---|---|
| 001 | 0029534 | ||
| 005 | 20231009081306.1 | ||
| 041 | 0 | |a slo | |
| 044 | |a SK | ||
| 245 | 1 | 0 | |a Talianske hospodárstvo stráca dych |c Kristian Slovák |
| 520 | |a Zlá hospodárska situácia v Taliansku. Pokles HDP aj vývoja priemyselnej produkcie. Správa OECD o hospodárskej situácii Talianska. Balík vládnych opatrení, ktoré by mali podporiť taliansku ekonomiku. Názory opozície na hospodársku situáciu. Talianski výrobcovia sa na svetových trhoch nedokážu presadiť proti výrazne lacnejšej ázijskej konkurencii. Zlé výsledky talianskej ekonomiky ohrozujú aj splnenie pravidiel Paktu stability a rastu. | ||
| 610 | 2 | 0 | |a situácia hospodárska |
| 610 | 2 | 0 | |a Taliansko |
| 610 | 2 | 0 | |a produkt domáci hrubý |
| 610 | 2 | 0 | |a výroba priemyselná |
| 610 | 2 | 0 | |a obchod zahraničný |
| 610 | 2 | 0 | |a konkurencia |
| 610 | 2 | 0 | |a Ázia |
| 100 | 1 | |a Slovák, Kristian | |